| 000 | 01049nam a22003257a 4500 | ||
|---|---|---|---|
| 003 | CHAP | ||
| 005 | 20220329135641.0 | ||
| 008 | 971013s1962 r 00010 d | ||
| 010 | _a39952 | ||
| 011 | _a40924 | ||
| 035 | _a45050 | ||
| 040 | _cCHAP | ||
| 082 |
_a581.4 _bF58 |
||
| 100 | 0 | 0 |
_aFisk, Emma L. _941145 |
| 245 | _aAtlas of plant morphology | ||
| 260 |
_aMinneapolis : _bBurges, _c1962 |
||
| 300 |
_av. _b: ilus. |
||
| 500 | _aLa biblioteca tiene: v.2 | ||
| 505 | _aContenido : v.1 Photomicrographs of root, stem and leaf .- v.2 Photomicrographs of fruit and seed | ||
| 590 |
_aBATCH-UPD _b10 _c20130110 _lUCH01 _h0328 |
||
| 590 |
_aBATCH-UPD _b10 _c20130110 _lUCH01 _h2126 |
||
| 590 |
_aBATCH-UPD _b10 _c20130410 _lUCH01 _h0001 |
||
| 590 |
_aBATCH-UPD _b10 _c20130914 _lUCH01 _h1413 |
||
| 590 |
_aCONVERSION _b10 _c20130109 _lUCH01 _h1322 |
||
| 650 | 1 | 4 |
_aMorfologĂa vegetal. _978772 |
| 700 | 0 |
_aMillington, W. F. _975824 |
|
| 901 | _aBK | ||
| 942 | _cLIBRO | ||
| 949 |
_a581.4 F58 _bBC _cLIBRO _d33724000540795 _eLIBRO _fv.2 _h28118 _i45050 _si |
||
| 999 |
_c39952 _d39952 |
||